Meilleurs pays où être LGBT+ - Asie - Statistiques

Statistiques générales
  • Ce quiz a été pris 283 fois
    114 depuis la dernière actualisation
  • Le résultat moyen est 7 sur 10
Statistiques - réponses
% d'égalités des droits Pays % Correct
62% Japon
92%
62% Thaïlande
92%
52% Corée du Sud
89%
59% Chine
88%
61% Inde
81%
54% Vietnam
70%
57% Philippines
66%
64% Taïwan
64%
69% Népal
58%
59% Israël
50%
Aucun quiz correspondant
Distribution des résultats
% des personnes avec chaque résultat
Percentile par nombre de réponses
Votre historique - résultats
Vous n’avez pas pris ce quiz depuis la dernière actualisation